00957nam a2200205 a 4500001001000000003000900010005001700019008004100036040002500077049000900102082001600111245009000127260003600217300002000253500019500273942001400468952012300482952012900605999001700734000029513DO-SdBNP20210630093541.0110418s1971 dr 000 0 spa d aDO-SdBNPbspacBNPHU aBNPD axxxxbB171r13aEl respecto a los derechos humanos tiene que ser obra de todos /cJoaquín Balaguer. aSanto Domingo :b[s.n.],c1971. a16 p. :b20 cm. aDiscurso pronunciado por el sr. presidente de la República doctor Joaquín Balaguer el día 22 de marzo de 1971, al inaugurar la asamblea de la sociedad interamericana de prensa (S I P). 2ddccLBS1 001054708PDaPDbPDcCTd2011-04-26iLF1l0oxxxx B171rp29513-10r2020-06-25w2020-06-25yLFPDZPréstamo en sala 001054728PDaPDbPDcCTd2011-04-26iLF1l0oxxxx B171rp29513-20r2020-06-25te. 2w2020-06-25yLFPDZPréstamo en sala c29005d29005